000 02277cam a22005054i 4500
003 PE-LiUPU
005 20250731180130.0
008 150625s r 000 0 d
035 _a(Sirsi) a36095
040 _aPE-LiUPU
_bspa
_cPE-LiUPU
_erda
082 0 4 _a530
_bS25
_221
100 1 _aSavéliev, I. V.,
_eautor.
245 1 0 _aCurso de física general.
_n2 /
_cI. V. Savéliev.
264 1 _aMoscú :
_bMir,
_c1984.
300 _a520 páginas :
_bilustraciones, figuras ;
_c22 cm.
336 _atext
_2rdacontent
337 _aunmediated
_2rdamedia
338 _avolume
_2rdacarrier
505 0 _aElectricidad y magnetismo. -Campo eléctrico en el vacio. -Campo eléctrico en los dieléctricos. -Conductores en un campo eléctrico. -Energía del campo eléctrico. -Corriente eléctrica continua. -Campo magnètico en el vacío. -Campo magnético en una substancia. -Inducción electromagnética. -Ecuaciones de maxwell. -Movimiento de las partículas cargadas en los campos eléctricos y magnéticos. -Teoría clásica de la conductibilidad eléctrica de los metales. -Corriente eléctrica en los gases. -Oscilaciones eléctricas. -Ondas elásticas. -Ondas electromagnéticas. -Conocimientos previos. -Interferencia de la luz. -Difracción de la luz. -Polarización de la luz. -Interacción de las ondas electromagnéticas con la substancia. -Óptica de los medios en movimiento.
526 _aSEG44
526 _aSEG26
526 _aP159
526 _aP155
526 _aP154
526 _aP153
526 _aP150
526 _aP100
526 _aP31
526 _aP30
526 _aP26
526 _aP25
526 _aP24
526 _aP22
526 _aP15
526 _aP10
650 0 4 _aElectromagnetismo.
650 0 4 _aCampos eléctricos.
650 0 4 _aElectricidad.
910 _baj
_cnm
_d20050519
942 _2ddc
_cBOOK
949 _a530 S25 2
_wDEWEY
_c1
_i55200
_lCCODEBUL1
_mBUL
_p8.00
_r0
_sY
_tBOOK
_u2015-06-25
_xINGENIERIA
_zUNKNOWN
_0COMPRA
_o.STAFF. Colección General
596 _a1
999 _a530 S25 2
_wDEWEY
_c44129
_i55200
_f2021-11-5
_g7
_lCCODEBUL1
_mBUL
_p8.00
_r0
_sN
_tBOOK
_u2015-6-25
_xBIBLIOTECA
_zUNKNOWN
_0COMPRA
_o.STAFF. Colección General
_d44129
980 _81
_gALBERTO SANCHEZ Responsable de Automatización